[Event "40th Olympiad Women"]
[Site "Istanbul TUR"]
[Date "2012.09.07"]
[Round "10.23"]
[Board "1"]
[White "Khoudgarian, Natalia"]
[Black "Corke, Anya S"]
[Result "0-1"]
[WhiteTitle "WIM"]
[BlackTitle "WGM"]
[WhiteElo "2158"]
[BlackElo "2254"]
[WhiteTeam "Canada"]
[BlackTeam "England"]
[WhiteFideId "2602121"]
[BlackFideId "6000347"]
[EventDate "2012.08.28"]

1. e4 c5 2. Nf3 e6 3. c3 d5 4. exd5 Qxd5 5. d4 Nf6 6. Na3 a6 7. Nc4 Nbd7 8. a4
cxd4 9. Qxd4 Bc5 10. Qxd5 Nxd5 11. b4 Be7 12. Bd2 b6 13. Be2 Bb7 14. O-O Rc8 15.
Rac1 O-O 16. Nfe5 Rfd8 17. Bf3 b5 18. axb5 Nxe5 19. Nxe5 axb5 20. Rfd1 Bf6 21.
Ng4 Be7 22. Ne5 f6 23. Ng4 Bc6 24. h3 Nxb4 25. cxb4 Bxf3 26. Rxc8 Bxd1 27. Rxd8+
Bxd8 28. Kf1 e5 29. Ne3 Bb3 30. Ke2 Kf7 31. Kd3 Ke6 32. f3 Bb6 33. Kc3 Ba2 34.
Nc2 Bc4 35. h4 Bf2 36. h5 Bf1 37. Ne3 Bxe3 38. Bxe3 Bxg2 39. f4 exf4 40. Bxf4
Bf3 41. h6 g5 42. Be3 Kf5 43. Bd4 Kg6 44. Kd3 f5 45. Ke3 Bd5 46. Bg7 f4+ 47. Kf2
Kf5 48. Kg1 g4 49. Kh2 Ke4 50. Bf8 Kf3 51. Bc5 Be6 52. Kg1 g3 53. Kf1 Kg4 54.
Kg1 f3 55. Be3 f2+ 56. Kg2 Bd5+ 0-1

[Event "40th Olympiad Women"]
[Site "Istanbul TUR"]
[Date "2012.09.07"]
[Round "10.23"]
[Board "2"]
[White "Yurenok, Maria S"]
[Black "Orlova, Yelizaveta"]
[Result "1/2-1/2"]
[WhiteTitle "WFM"]
[BlackTitle "WCM"]
[WhiteElo "2058"]
[BlackElo "1947"]
[WhiteTeam "England"]
[BlackTeam "Canada"]
[WhiteFideId "409359"]
[BlackFideId "2601826"]
[EventDate "2012.08.28"]

1. d4 Nf6 2. c4 c5 3. d5 b5 4. Qc2 b4 5. e4 d6 6. Bd3 g6 7. f4 Bg7 8. Nd2 O-O 9.
Ndf3 Bb7 10. Ne2 e6 11. O-O exd5 12. exd5 Nbd7 13. Bd2 Re8 14. h3 Nf8 15. Ng3
Qd7 16. a4 Re7 17. Kh1 Rc8 18. Rf2 Rce8 19. Raf1 h6 20. b3 a5 21. Nh2 Bc8 22.
Qd1 N8h7 23. f5 g5 24. Ng4 Nxg4 25. Qxg4 Nf6 26. Qd1 Re5 27. Nh5 Nxh5 28. Qxh5
f6 29. Re2 Qf7 30. Qxf7+ Kxf7 31. Rxe5 Rxe5 32. g4 Bd7 33. Kg2 Bf8 34. Kg3 Kg7
35. h4 Be7 36. Rf3 Bd8 37. Kf2 Bc8 38. Bc1 Re8 39. Bb2 Bd7 40. Rh3 Rh8 41. Re3
Re8 42. Rh3 Rh8 43. Rh1 Bc8 44. Re1 Bd7 45. h5 Re8 46. Re6 Bxe6 47. fxe6 Be7 48.
Kf3 Rb8 49. Bg6 Rc8 50. Ke4 Rc7 51. Kf5 Rb7 52. Bc1 Ra7 53. Be3 Rc7 54. Ke4 1/2-1/2

[Event "40th Olympiad Women"]
[Site "Istanbul TUR"]
[Date "2012.09.07"]
[Round "10.23"]
[Board "3"]
[White "Botez, Alexandra"]
[Black "Chevannes, Sabrina L"]
[Result "1-0"]
[WhiteTitle "WCM"]
[BlackTitle "WFM"]
[WhiteElo "2009"]
[BlackElo "2090"]
[WhiteTeam "Canada"]
[BlackTeam "England"]
[WhiteFideId "2603365"]
[BlackFideId "411280"]
[EventDate "2012.08.28"]

1. d4 d5 2. Nf3 Bf5 3. e3 e6 4. Bd3 Bxd3 5. cxd3 Nf6 6. O-O Be7 7. Nc3 O-O 8. b3
Na6 9. Bb2 c6 10. Rc1 Nd7 11. a3 f5 12. Ne5 Rf6 13. f4 Rh6 14. Ne2 Nc7 15. Nf3
a5 16. Rc2 Qf8 17. Qc1 Qf7 18. Ng3 Qf8 19. Re1 Bd6 20. Ne5 Nxe5 21. dxe5 Be7 22.
a4 Bh4 23. Ba3 Qe8 24. Bd6 Qf7 25. Rf1 Ne8 26. Bc5 Bxg3 27. hxg3 Qh5 28. Be7 Qg4
29. Kf2 Rg6 30. Bg5 h6 31. Bh4 Nc7 32. Rxc6 bxc6 33. Qxc6 Rb8 34. Qxc7 Rxb3 35.
Qc2 Rb4 36. Rc1 d4 37. exd4 Rxd4 38. Ke3 Rxf4 39. Qc8+ Kh7 40. Qd8 Rxa4 41. Rc8
Qd4+ 42. Qxd4 Rxd4 43. Kxd4 Rg4+ 44. Kc5 g5 45. Kd6 gxh4 46. gxh4 Rxg2 47. Kxe6
f4 48. Rf8 Rd2 49. Rxf4 Rxd3 50. Kf6 a4 51. Rxa4 Rf3+ 52. Ke7 Kg6 53. e6 Re3 54.
Ra5 h5 55. Rg5+ Kh6 56. Kf6 Re4 57. e7 Rxh4 58. e8=Q Rf4+ 59. Rf5 1-0

[Event "40th Olympiad Women"]
[Site "Istanbul TUR"]
[Date "2012.09.07"]
[Round "10.24"]
[Board "1"]
[White "Caoili, Arianne"]
[Black "Lujan, Carolina"]
[Result "1/2-1/2"]
[WhiteTitle "WIM"]
[BlackTitle "IM"]
[WhiteElo "2204"]
[BlackElo "2368"]
[WhiteTeam "Australia"]
[BlackTeam "Argentina"]
[WhiteFideId "5201179"]
[BlackFideId "109878"]
[EventDate "2012.08.28"]

1. Nf3 f5 2. d4 Nf6 3. c4 g6 4. Nc3 Bg7 5. Bf4 d6 6. e3 O-O 7. Be2 c6 8. O-O h6
9. h3 Nbd7 10. Bh2 Qe8 11. b4 g5 12. Nd2 e5 13. dxe5 Nxe5 14. Rc1 h5 15. Nf3 g4
16. Ng5 Qg6 17. h4 Ne4 18. Ncxe4 fxe4 19. Bxe5 Bxe5 20. Nxe4 Bf5 21. Ng3 Bd7 22.
Qd3 Qh6 23. Bd1 Rae8 24. Bc2 Bxg3 25. fxg3 Qxe3+ 26. Qxe3 Rxe3 27. Rcd1 Be6 28.
Bb3 Rxf1+ 29. Kxf1 Rxg3 30. Rxd6 Kf7 31. Rd8 Rc3 32. Rb8 b6 33. Rb7+ Kf6 34.
Rxa7 Bxc4+ 35. Bxc4 Rxc4 36. Rh7 Kg6 37. Rc7 Kf5 38. Kf2 b5 39. a3 Rc2+ 40. Kg3
Rc3+ 41. Kh2 Kg6 42. Rc8 Kf5 43. Rc7 Rxa3 44. Rxc6 Rb3 45. Rh6 Kf4 46. Rf6+ Ke5
47. Rh6 Kf4 48. Rf6+ Ke5 49. Rh6 1/2-1/2

[Event "40th Olympiad Women"]
[Site "Istanbul TUR"]
[Date "2012.09.07"]
[Round "10.24"]
[Board "2"]
[White "Plazaola, Maria De Los Angeles"]
[Black "Guo, Emma"]
[Result "1/2-1/2"]
[WhiteTitle "WIM"]
[BlackTitle "WIM"]
[WhiteElo "2164"]
[BlackElo "2004"]
[WhiteTeam "Argentina"]
[BlackTeam "Australia"]
[WhiteFideId "113395"]
[BlackFideId "3200795"]
[EventDate "2012.08.28"]

1. e4 c5 2. c3 g6 3. d4 cxd4 4. cxd4 d5 5. e5 Nc6 6. Nc3 Bg7 7. Be3 Nh6 8. Bb5
O-O 9. Nge2 Nf5 10. O-O Nxe3 11. fxe3 a6 12. Ba4 Na5 13. Nf4 Nc4 14. Qe2 b5 15.
Bb3 Bb7 16. Rf2 Qd7 17. Raf1 a5 18. Bd1 Bc6 19. b3 Nb6 20. Qd2 b4 21. Nce2 f6
22. Nd3 Bb5 23. Nc5 Qc6 24. e6 Nc8 25. Bc2 Nd6 26. Rc1 Bxe2 27. Qxe2 Nb7 28. Bd3
Nxc5 29. Rxc5 Qd6 30. Qf3 Rfd8 31. Rfc2 a4 32. Rc6 Qb8 33. Ba6 axb3 34. axb3 Bf8
35. Qe2 Rd6 36. Rc8 Qa7 37. Qb5 Qxa6 38. Qe8 Rd8 39. Rxd8 Rxd8 40. Qxd8 Qxe6 41.
Re2 Qe4 42. Re1 Kf7 43. Qc7 Qd3 44. Kf2 Qxb3 45. Qb7 h5 46. Re2 Bh6 47. g3 Qc4
48. Qb8 b3 49. Qb7 Ke6 50. Kf3 Kf7 51. h3 f5 52. Rf2 Kf6 53. g4 hxg4+ 54. hxg4
Qd3 55. Qxd5 Qxe3+ 56. Kg2 Qe6 57. Qa8 Be3 58. gxf5 gxf5 59. Rf3 b2 60. Qf8+ Kg6
61. Rg3+ Bg5 62. Qe8+ Kf6 63. Qf8+ Qf7 64. Qh8+ Kg6 65. Qb8 Qd5+ 66. Kh2 Qa2 67.
Qe8+ Kf6 68. Qh8+ Kg6 69. Qe8+ Kf6 70. Qf8+ Kg6 1/2-1/2

[Event "40th Olympiad Women"]
[Site "Istanbul TUR"]
[Date "2012.09.07"]
[Round "10.24"]
[Board "4"]
[White "Martinez, Ayelen"]
[Black "Nguyen, Thu Giang"]
[Result "0-1"]
[WhiteElo "2095"]
[BlackElo "2105"]
[WhiteTeam "Argentina"]
[BlackTeam "Australia"]
[WhiteFideId "118702"]
[BlackFideId "12400980"]
[EventDate "2012.08.28"]

1. e4 Nf6 2. e5 Nd5 3. d4 d6 4. Nf3 Bg4 5. Be2 e6 6. O-O Be7 7. Re1 O-O 8. a4
Nc6 9. Na3 dxe5 10. dxe5 Bc5 11. c3 h6 12. Qd3 Nb6 13. Qe4 Bf5 14. Qf4 a5 15.
Nc4 Nd5 16. Qg3 Kh8 17. Rd1 Qe7 18. Ne1 Rad8 19. Nd3 Ba7 20. Ne3 Bh7 21. Kf1 Rd7
22. Bd2 Rfd8 23. Nf4 Nxf4 24. Qxf4 Rxd2 25. Rxd2 Rxd2 26. Nf5 Qg5 27. Qxg5 hxg5
28. Ne3 Bxe3 29. fxe3 Nxe5 30. Ke1 Rxb2 31. Rd1 Rb1 0-1

[Event "40th Olympiad Women"]
[Site "Istanbul TUR"]
[Date "2012.09.07"]
[Round "10.25"]
[Board "1"]
[White "Sanchez Castillo, Sarai"]
[Black "Sop, Selen"]
[Result "0-1"]
[WhiteTitle "IM"]
[BlackTitle "WCM"]
[WhiteElo "2193"]
[BlackElo "1993"]
[WhiteTeam "Venezuela"]
[BlackTeam "Turkey 2016"]
[WhiteFideId "3900754"]
[BlackFideId "6300278"]
[EventDate "2012.08.28"]

1. e4 c5 2. Nf3 d6 3. d4 cxd4 4. Nxd4 Nf6 5. Nc3 a6 6. Bg5 e6 7. f4 Be7 8. Qe2
h6 9. Bh4 Nc6 10. O-O-O Qc7 11. Nf3 Nh5 12. Bxe7 Nxe7 13. Qd2 d5 14. e5 g6 15.
h4 b5 16. Rh3 Ng7 17. g4 h5 18. gxh5 Nxh5 19. Ng5 Bd7 20. Ne2 Nf5 21. Nd4 Nhg7
22. Nxf5 Nxf5 23. h5 gxh5 24. Bd3 Rc8 25. Bxf5 exf5 26. Rc3 Qb7 27. Rxc8+ Bxc8
28. Qxd5 Qxd5 29. Rxd5 h4 30. Rd2 Bb7 31. Rh2 Ke7 32. Kd2 f6 33. exf6+ Kxf6 34.
b3 Kg6 35. c4 bxc4 36. bxc4 Kh5 37. Nf7 Rg8 38. Ne5 Rg3 39. Ke1 Re3+ 40. Kd2 Ra3
41. Kc1 h3 42. Kb2 Rg3 0-1

[Event "40th Olympiad Women"]
[Site "Istanbul TUR"]
[Date "2012.09.07"]
[Round "10.25"]
[Board "2"]
[White "Arig, Busra"]
[Black "Gutierrez, Leonela"]
[Result "0-1"]
[WhiteElo "1864"]
[BlackElo "2067"]
[WhiteTeam "Turkey 2016"]
[BlackTeam "Venezuela"]
[WhiteFideId "6309356"]
[BlackFideId "3900401"]
[EventDate "2012.08.28"]

1. c4 g6 2. Nc3 Bg7 3. e4 e6 4. g3 Ne7 5. Bg2 c5 6. Nge2 Nbc6 7. O-O O-O 8. d3
d6 9. Be3 Nd4 10. Qd2 Rb8 11. Bh6 Nec6 12. Bxg7 Kxg7 13. f4 a6 14. Rab1 b5 15.
b4 Nxe2+ 16. Nxe2 cxb4 17. cxb5 Rxb5 18. Kh1 Bd7 19. d4 d5 20. f5 exf5 21. exd5
Ne7 22. Rxb4 Rxb4 23. Qxb4 Bb5 24. Re1 Nxd5 25. Qc5 Qa5 26. Rc1 Qxa2 27. Rc2
Qb1+ 28. Rc1 Qd3 29. Qxd5 Qxe2 30. Qd6 Bd3 31. Qc5 Be4 32. Bxe4 Qxe4+ 33. Kg1 f4
34. gxf4 Qxf4 35. Rf1 Qe3+ 36. Kh1 Rd8 37. Qa7 Qe4+ 38. Kg1 Qxd4+ 0-1

[Event "40th Olympiad Women"]
[Site "Istanbul TUR"]
[Date "2012.09.07"]
[Round "10.25"]
[Board "3"]
[White "Montilla, Jorcerys"]
[Black "Patel, Yesim"]
[Result "1-0"]
[WhiteElo "2050"]
[BlackElo "1845"]
[WhiteTeam "Venezuela"]
[BlackTeam "Turkey 2016"]
[WhiteFideId "3900517"]
[BlackFideId "6300200"]
[EventDate "2012.08.28"]

1. d4 d5 2. c4 e6 3. Nc3 Nf6 4. cxd5 exd5 5. Bg5 c6 6. Qc2 Na6 7. a3 Nc7 8. e3
Be7 9. Bd3 Ne6 10. Bh4 g6 11. Nge2 Ng7 12. f3 O-O 13. Bf2 Re8 14. O-O Bd7 15. h3
c5 16. Qd2 Nf5 17. Bxf5 Bxf5 18. dxc5 Bxc5 19. Nf4 Be6 20. Rad1 Qe7 21. Kh1 Rad8
22. Bh4 d4 23. exd4 Rxd4 24. Qxd4 Bxd4 25. Rxd4 Kg7 26. Ncd5 Nxd5 27. Bxe7 Nxe7
28. Nxe6+ fxe6 29. Rd7 Kf6 30. Rxb7 a5 31. Rd1 h5 32. Ra7 Nc6 33. Ra6 1-0

[Event "40th Olympiad Women"]
[Site "Istanbul TUR"]
[Date "2012.09.07"]
[Round "10.26"]
[Board "1"]
[White "Real Pereyra, Diana Carime"]
[Black "Zepeda, Lorena"]
[Result "0-1"]
[WhiteTitle "WFM"]
[BlackTitle "WIM"]
[WhiteElo "2075"]
[BlackElo "2139"]
[WhiteTeam "Mexico"]
[BlackTeam "El Salvador"]
[WhiteFideId "5104106"]
[BlackFideId "6700233"]
[EventDate "2012.08.28"]

1. e4 c5 2. Nf3 d6 3. d4 cxd4 4. Nxd4 Nf6 5. Nc3 a6 6. Bc4 e6 7. Bb3 Nbd7 8. Bg5
Nc5 9. f4 Be7 10. Qf3 Qc7 11. O-O-O b5 12. Bxf6 Bxf6 13. Nf5 exf5 14. Nd5 Qd7
15. e5 Bd8 16. Nf6+ gxf6 17. Qxa8 Nxb3+ 18. axb3 fxe5 19. fxe5 Qb7 20. Qxb7 Bxb7
21. Rxd6 Bc7 22. Rd2 Bxe5 23. Re2 f6 24. Rf1 Rg8 25. g3 Be4 26. Rd2 Ke7 27. Rfd1
Bc6 28. Re1 Kf7 29. Rf1 Ke6 30. Re1 h5 31. c4 Be4 32. Kd1 bxc4 33. bxc4 Rc8 34.
b3 Bc3 35. Ra2 Rd8+ 36. Ke2 Bxe1 37. Kxe1 Rd6 38. Ke2 f4 39. gxf4 Kf5 40. Ke3
Rd3+ 41. Kf2 Kxf4 42. Rb2 Rc3 0-1

[Event "40th Olympiad Women"]
[Site "Istanbul TUR"]
[Date "2012.09.07"]
[Round "10.26"]
[Board "2"]
[White "Sanchez, Ingrid"]
[Black "Garcia Morales, Ivette Ale"]
[Result "1/2-1/2"]
[WhiteTitle "WCM"]
[WhiteElo "1992"]
[BlackElo "2014"]
[WhiteTeam "El Salvador"]
[BlackTeam "Mexico"]
[WhiteFideId "6700217"]
[BlackFideId "5105994"]
[EventDate "2012.08.28"]

1. e4 e6 2. d4 d5 3. exd5 exd5 4. Qf3 Nc6 5. c3 Nf6 6. Bg5 Be7 7. h3 Be6 8. Bd3
Qd7 9. Ne2 O-O-O 10. Ng3 Rde8 11. Nd2 Ne4 12. Bxe7 Nxg3 13. Qxg3 Bf5 14. O-O-O
Bxd3 15. Qxd3 Rxe7 16. Rhe1 g6 17. Rxe7 Nxe7 18. Nf3 f6 19. Re1 Re8 20. b3 Nf5
21. Kd1 Rxe1+ 22. Kxe1 Qe7+ 23. Qe2 Qe4 24. Nd2 Qxe2+ 25. Kxe2 Kd7 26. Kd3 c6
27. Nf3 Nd6 28. Nd2 Ke6 29. Ke3 f5 30. f3 g5 31. g4 b6 32. c4 h6 33. Kd3 Nc8 34.
Ke3 Ne7 35. f4 c5 36. Nf3 Kf6 37. fxg5+ hxg5 38. gxf5 Nxf5+ 39. Kd3 Nxd4 40.
Nxd4 cxd4 41. cxd5 Ke5 1/2-1/2

[Event "40th Olympiad Women"]
[Site "Istanbul TUR"]
[Date "2012.09.07"]
[Round "10.26"]
[Board "4"]
[White "Garcia, Alcira"]
[Black "Vazquez Flores, Janet Sarai"]
[Result "0-1"]
[WhiteElo "1782"]
[BlackElo "1937"]
[WhiteTeam "El Salvador"]
[BlackTeam "Mexico"]
[WhiteFideId "6702945"]
[BlackFideId "5117810"]
[EventDate "2012.08.28"]

1. e4 c5 2. Nf3 Nc6 3. d4 cxd4 4. Nxd4 g6 5. Be3 Nf6 6. Nc3 Bg7 7. g4 d5 8. Nxc6
bxc6 9. f3 dxe4 10. Qxd8+ Kxd8 11. O-O-O+ Ke8 12. g5 Nd7 13. Nxe4 h6 14. Bg2 Nb6
15. Nc5 Nc4 16. Bd4 Bxd4 17. Rxd4 Ne3 18. Bf1 hxg5 19. Na6 Bxa6 20. Bxa6 Rd8 21.
Rxd8+ Kxd8 22. Kd2 Nd5 23. a3 Kc7 24. Bc4 Kd6 25. Kd3 f6 26. b4 Rh3 27. Ke2 Ke5
28. Kf2 Kf4 29. Be2 Nc3 30. Kg2 Rh8 31. Bd3 f5 32. Re1 Nd5 33. Re6 Ne3+ 34. Kg1
Kxf3 35. Rxg6 Kf4 36. Rxc6 e5 37. c4 Rd8 38. Be2 Rd2 39. Kf2 Ng4+ 40. Ke1 Ke3
41. Bxg4 fxg4 42. Rc5 e4 43. Rxg5 Rxh2 44. Kf1 Ra2 45. c5 Kf4 46. Rg7 Rxa3 47.
c6 Rc3 48. c7 Rc2 49. b5 g3 50. Rf7+ Ke5 51. Rg7 g2+ 52. Rxg2 Rxc7 53. Rg8 Rb7
54. Ke2 Kd4 55. Rg5 Rc7 56. Rg4 Rc5 57. Rg7 Rxb5 58. Rxa7 Rb2+ 59. Kd1 Ke3 60.
Ra3+ Kf2 61. Rh3 Rb5 62. Rh2+ Kf3 63. Rh3+ Kg4 64. Re3 Kf4 65. Rc3 e3 66. Rc4+
Kf3 67. Rc3 Rb2 68. Kc1 Rd2 69. Rc7 Ke2 70. Re7 Rd4 71. Kc2 Rf4 72. Kc3 Rf3 73.
Kc2 Kf1 74. Kd1 Kf2 75. Kc2 Rf6 76. Kd3 Rd6+ 77. Kc4 e2 78. Rf7+ Ke1 79. Kc5 Rd2
80. Rh7 Kd1 81. Rh1+ e1=Q 82. Rxe1+ Kxe1 0-1

[Event "40th Olympiad Women"]
[Site "Istanbul TUR"]
[Date "2012.09.07"]
[Round "10.27"]
[Board "1"]
[White "Leite, Catarina"]
[Black "Hallaeva, Bahar"]
[Result "0-1"]
[WhiteTitle "WIM"]
[BlackTitle "WFM"]
[WhiteElo "2178"]
[BlackElo "2174"]
[WhiteTeam "Portugal"]
[BlackTeam "Turkmenistan"]
[WhiteFideId "1901222"]
[BlackFideId "14000679"]
[EventDate "2012.08.28"]

1. e4 e5 2. Nf3 Nc6 3. Bc4 Nf6 4. c3 Nxe4 5. Bd5 Nf6 6. Bxc6 dxc6 7. Nxe5 Bd6 8.
d4 Bxe5 9. Qe2 O-O 10. dxe5 Ng4 11. O-O Re8 12. f4 f6 13. h3 Nh6 14. Nd2 Bf5 15.
Re1 Bd3 16. Qf2 Qd5 17. Nf3 Be4 18. c4 Qd3 19. Re3 Qd1+ 20. Ne1 Qd4 21. exf6
Qxf6 22. Rc3 Nf5 23. Nd3 Rad8 24. Ne5 Rd1+ 25. Kh2 Qd6 26. Qe2 Rxe5 27. fxe5
Qxe5+ 28. Bf4 Qxf4+ 29. g3 Rxa1 0-1

[Event "40th Olympiad Women"]
[Site "Istanbul TUR"]
[Date "2012.09.07"]
[Round "10.27"]
[Board "3"]
[White "Oliveira, Maria Ines"]
[Black "Atabayeva, Gozel"]
[Result "1/2-1/2"]
[BlackTitle "WFM"]
[WhiteElo "1927"]
[BlackElo "2076"]
[WhiteTeam "Portugal"]
[BlackTeam "Turkmenistan"]
[WhiteFideId "1909436"]
[BlackFideId "14001896"]
[EventDate "2012.08.28"]

1. e4 c5 2. Nf3 Nc6 3. d4 cxd4 4. Nxd4 g6 5. Nc3 Bg7 6. Be3 Nf6 7. Bc4 O-O 8.
Bb3 d6 9. f3 Nd7 10. Qd2 Nb6 11. h4 Ne5 12. Qe2 h5 13. O-O-O Bd7 14. Kb1 Rc8 15.
Rhg1 a5 16. a3 a4 17. Ba2 Nbc4 18. Bxc4 Nxc4 19. Nd5 e6 20. Nb4 Nxe3 21. Qxe3
Qxh4 22. g4 hxg4 23. fxg4 Rfd8 24. g5 Be5 25. Rh1 Qf4 26. Qh3 Kf8 27. Rdf1 Qxe4
28. Qh7 Be8 29. Nxe6+ Ke7 30. Nxd8 Kxd8 31. Rd1 Qg2 32. Qh4 Bd7 33. Rhg1 Qe2 34.
Rge1 Qg2 35. Rg1 Qe2 36. Rge1 Qg2 37. Rg1 1/2-1/2

[Event "40th Olympiad Women"]
[Site "Istanbul TUR"]
[Date "2012.09.07"]
[Round "10.28"]
[Board "1"]
[White "Steil-Antoni, Fiona"]
[Black "Tsiganova, Monika"]
[Result "1-0"]
[WhiteTitle "WIM"]
[BlackTitle "WIM"]
[WhiteElo "2173"]
[BlackElo "2164"]
[WhiteTeam "Luxembourg"]
[BlackTeam "Estonia"]
[WhiteFideId "4001249"]
[BlackFideId "4500199"]
[EventDate "2012.08.28"]

1. e4 c6 2. Ne2 d5 3. e5 c5 4. d4 Nc6 5. c3 Bf5 6. dxc5 Nxe5 7. Nd4 Bd7 8. Qh5
Ng4 9. Qxd5 e5 10. Nb5 a6 11. Nd6+ Bxd6 12. Qxd6 Qh4 13. g3 Qh5 14. Bg2 Rd8 15.
Bxb7 Ne7 16. Qxa6 Nxh2 17. Nd2 O-O 18. Qe2 Bg4 19. f3 Bf5 20. Rxh2 Qg6 21. Kf2
Bd3 22. Be4 Bxe4 23. Qxe4 f5 24. Qc4+ Rd5 25. Nf1 f4 26. gxf4 Qc2+ 27. Qe2 Qg6
28. Qe4 Qxe4 29. fxe4 Rxc5 30. f5 g6 31. Bh6 Rf7 32. Rd1 Rc8 33. Ng3 1-0

[Event "40th Olympiad Women"]
[Site "Istanbul TUR"]
[Date "2012.09.07"]
[Round "10.28"]
[Board "2"]
[White "Fomina, Tatyana"]
[Black "Boyard, Marie"]
[Result "1-0"]
[WhiteTitle "WIM"]
[WhiteElo "2189"]
[BlackElo "2035"]
[WhiteTeam "Estonia"]
[BlackTeam "Luxembourg"]
[WhiteFideId "4500156"]
[BlackFideId "4001486"]
[EventDate "2012.08.28"]

1. d4 d5 2. Nc3 Nf6 3. Bg5 Nbd7 4. e3 c6 5. Bd3 e5 6. dxe5 Nxe5 7. Nf3 Bg4 8.
Be2 Nxf3+ 9. Bxf3 Bxf3 10. Qxf3 Be7 11. O-O O-O 12. Rad1 Qb6 13. e4 dxe4 14.
Nxe4 Nd5 15. c4 f5 16. Ng3 Bxg5 17. cxd5 g6 18. b3 Rad8 19. Ne2 cxd5 20. g3 Rf7
21. h4 Bf6 22. Rxd5 Rxd5 23. Qxd5 Qd8 24. Qc4 Qc7 25. Qa4 b6 26. Rc1 Qd7 27. Qc4
Kg7 28. Nf4 Bb2 29. Rc2 Be5 30. Ne6+ Kf6 31. Ng5 Rg7 32. f4 Qd4+ 33. Kg2 Qxc4
34. fxe5+ 1-0

[Event "40th Olympiad Women"]
[Site "Istanbul TUR"]
[Date "2012.09.07"]
[Round "10.28"]
[Board "4"]
[White "Vahtra, Tuuli"]
[Black "Kremer, Nadine"]
[Result "1-0"]
[WhiteTitle "WFM"]
[WhiteElo "2014"]
[BlackElo "1788"]
[WhiteTeam "Estonia"]
[BlackTeam "Luxembourg"]
[WhiteFideId "4502060"]
[BlackFideId "4002970"]
[EventDate "2012.08.28"]

1. c4 e5 2. Nc3 Nc6 3. g3 Nf6 4. Bg2 Bc5 5. a3 a6 6. e3 d6 7. Nge2 O-O 8. O-O
Bg4 9. h3 Bh5 10. g4 Bg6 11. d4 exd4 12. exd4 Ba7 13. Bg5 h6 14. Bh4 Bh7 15. f4
Na5 16. b3 c6 17. Kh1 Rc8 18. f5 b5 19. Ne4 bxc4 20. Nxf6+ gxf6 21. Qd2 Kg7 22.
Nf4 Rh8 23. Nh5+ Kf8 24. Qxh6+ 1-0

[Event "40th Olympiad Women"]
[Site "Istanbul TUR"]
[Date "2012.09.07"]
[Round "10.29"]
[Board "1"]
[White "Bjerke, Silje"]
[Black "Roy, Ali"]
[Result "1-0"]
[WhiteTitle "WIM"]
[WhiteElo "2235"]
[BlackElo "1836"]
[WhiteTeam "Norway"]
[BlackTeam "Scotland"]
[WhiteFideId "1502786"]
[BlackFideId "2400456"]
[EventDate "2012.08.28"]

1. e4 e6 2. d4 d5 3. Nc3 dxe4 4. Nxe4 Nd7 5. Nf3 Ngf6 6. Nxf6+ Nxf6 7. c3 c5 8.
Ne5 a6 9. Be3 cxd4 10. Bxd4 Bd6 11. Qf3 O-O 12. Rd1 Qe7 13. Bd3 Nd7 14. Nxd7
Qxd7 15. Be5 Bxe5 16. Bxh7+ Kxh7 17. Rxd7 Bxc3+ 18. Qxc3 Bxd7 19. Qd3+ Kg8 20.
Qxd7 b5 21. O-O Rfd8 22. Qb7 Rdb8 23. Qf3 Rd8 24. Rd1 Rxd1+ 25. Qxd1 Rc8 26. h4 1-0

[Event "40th Olympiad Women"]
[Site "Istanbul TUR"]
[Date "2012.09.07"]
[Round "10.29"]
[Board "2"]
[White "Giulian, Rosemary A"]
[Black "Hagesaether, Ellen"]
[Result "1/2-1/2"]
[BlackTitle "WIM"]
[WhiteElo "1894"]
[BlackElo "2230"]
[WhiteTeam "Scotland"]
[BlackTeam "Norway"]
[WhiteFideId "2400375"]
[BlackFideId "1501909"]
[EventDate "2012.08.28"]

1. e4 e5 2. Nf3 Nc6 3. Bb5 a6 4. Ba4 Nf6 5. d4 exd4 6. O-O Be7 7. e5 Ne4 8. Nxd4
Nxd4 9. Qxd4 Nc5 10. Nc3 O-O 11. Nd5 Nxa4 12. Qxa4 d6 13. Nxe7+ Qxe7 14. exd6
Qxd6 15. Bf4 Qg6 16. Bxc7 b5 17. Qb3 Bb7 18. Bg3 Rac8 19. Rac1 h5 20. Qd3 Qc6
21. f3 Rfd8 22. Qe3 Qg6 23. Qf2 Rc4 24. c3 Rd3 25. Rcd1 b4 26. Rxd3 Qxd3 27. Be5
f6 28. Bd4 bxc3 29. Bxc3 h4 30. Qe1 Kf7 31. Qd2 1/2-1/2

[Event "40th Olympiad Women"]
[Site "Istanbul TUR"]
[Date "2012.09.07"]
[Round "10.29"]
[Board "3"]
[White "Sahl, Sheila Barth"]
[Black "Durno, Joy"]
[Result "1-0"]
[WhiteTitle "WIM"]
[BlackTitle "WFM"]
[WhiteElo "2235"]
[BlackElo "1863"]
[WhiteTeam "Norway"]
[BlackTeam "Scotland"]
[WhiteFideId "1500953"]
[BlackFideId "2403501"]
[EventDate "2012.08.28"]

1. e4 c5 2. Nf3 e6 3. d4 cxd4 4. Nxd4 Nf6 5. Nc3 d6 6. Be3 a6 7. g4 h5 8. g5 Ng4
9. Bc1 Qb6 10. h3 Ne5 11. Be2 g6 12. Nb3 Nbc6 13. Be3 Qc7 14. f4 Nd7 15. Qd2 b5
16. O-O-O Bb7 17. Kb1 Rc8 18. Rhf1 b4 19. Na4 Na5 20. Bd4 Rg8 21. Bd3 Nxb3 22.
cxb3 Qa5 23. Rc1 Rxc1+ 24. Rxc1 d5 25. e5 Be7 26. Qe3 Bd8 27. Nc5 Nxc5 28. Rxc5
Qb6 29. Rc8 Qa5 30. Bb6 Bxc8 31. Bxa5 Bxa5 32. Qc5 Bd8 33. Qxc8 1-0

[Event "40th Olympiad Women"]
[Site "Istanbul TUR"]
[Date "2012.09.07"]
[Round "10.29"]
[Board "4"]
[White "Lampard, Alice"]
[Black "Skytte, Torill"]
[Result "0-1"]
[WhiteElo "1593"]
[BlackElo "1954"]
[WhiteTeam "Scotland"]
[BlackTeam "Norway"]
[WhiteFideId "2402750"]
[BlackFideId "1503260"]
[EventDate "2012.08.28"]

1. e4 e6 2. d3 d5 3. Qe2 Nf6 4. Nf3 Be7 5. g3 b6 6. Bg2 Bb7 7. e5 Nfd7 8. O-O c5
9. h4 h6 10. Re1 Nc6 11. c4 dxc4 12. dxc4 Qc7 13. Nc3 a6 14. b3 O-O-O 15. Bf4 g5
16. hxg5 hxg5 17. Nxg5 Nd4 18. Qd3 Bxg5 19. Bxg5 Nxe5 20. Bxd8 Nxd3 21. Bxc7
Nxe1 22. Rxe1 Nf3+ 23. Kf1 Nxe1 24. Bxb7+ Kxb7 25. Kxe1 Kxc7 26. Ke2 f5 27. Ke3
Kd6 28. Ne2 Rh1 29. Nc3 Re1+ 30. Kd2 Rf1 31. Ke2 Ra1 32. Kd3 Ke5 33. Ke3 Kd6 34.
Kd3 e5 35. Ke3 Kc6 36. Kd3 b5 37. Nd5 bxc4+ 38. bxc4 Rxa2 39. Ne7+ Kd7 0-1